| 000 | 01758nam a2200469 4500 | ||
|---|---|---|---|
| 003 | PE-LiUPU | ||
| 005 | 20250731180118.0 | ||
| 008 | 210922n 000 0 eng u | ||
| 020 | _a9786124605307 | ||
| 035 | _a(Sirsi) a252897 | ||
| 082 | 0 | 4 |
_a577.385 _bP3 |
| 110 | 1 | _aPerú. Ministerio del Ambiente, Ministerio de Agricultura. | |
| 245 | 0 | 3 | _aEl Perú de los bosques. |
| 300 |
_a139 páginas, _c27 centímetros |
||
| 505 | 0 | _aLos bosuqes de la Selva Baja. -Los Bosques de Selva Alta. -Los Bosques Montanos occidentales del Norte. -Los Bosques Andinos. -Los Bosques Secos del río Marañón. -Los Bosques Secos de la Costa Norte. -La esperanza verde. -Boticas aancestrales. -La bolsa y la vida. -El hombre. La amenaza fantasma. -La pérdida de los bosques en el Perú. -La gran prueba. | |
| 526 | _aSEG44 | ||
| 526 | _aSEG26 | ||
| 526 | _aP159 | ||
| 526 | _aP155 | ||
| 526 | _aP154 | ||
| 526 | _aP153 | ||
| 526 | _aP150 | ||
| 526 | _aP100 | ||
| 526 | _aP31 | ||
| 526 | _aP30 | ||
| 526 | _aP26 | ||
| 526 | _aP25 | ||
| 526 | _aP24 | ||
| 526 | _aP22 | ||
| 526 | _aP15 | ||
| 526 | _aP10 | ||
| 598 | _aCATALOGING | ||
| 650 | 1 | 4 |
_aBosques _zPerú. |
| 710 | 2 | _aPerú. Ministerio del Ambiente (MINAM). | |
| 710 | 2 | _aPerú. Ministerio de Agricultura (MINAG). | |
| 596 | _a1 | ||
| 856 | 4 | _u https://sinia.minam.gob.pe/documentos/peru-bosques | |
| 942 |
_2ddc _cBOOK |
||
| 949 |
_a577.385 P3 _wDEWEY _c1 _i70900 _mBC _p10.00 _r0 _sY _tLIBRO _u2021-04-20 _xFIA _zAmbiental _oSTAFF. Colección General |
||
| 999 |
_a577.385 P3 _wDEWEY _c32096 _i70910 _f2022-6-9 _g1 _lCCODEBUL1 _mBUL _p10.00 _r0 _sY _tBOOK _u2021-9-22 _xINGENIERIA _PP24 _0UNKNOWN _d32096 |
||
| 264 |
_aLima : _bEditorial Super Gráfica, _c2011 |
||
| 980 |
_81 _gALBERTO SANCHEZ Responsable de Automatización |
||